000 00632nam a2200229Ia 4500
003 OSt
005 20221007071727.0
006 a|||||r|||| 00| 0
007 ta
008 221006b |||||||| |||| 00| 0 eng d
024 _a13,508
037 _cTextual
040 _aFLL
_cFLL
_beng
041 _2eng
_aeng
082 _aV73:2:(Z), L9
100 _aMiller Arthur Selwyn Au.
_9689191
245 0 _aSocial change and fundamental law
260 _aLondon
_bGreenwood press London
_c1979
300 _ax,395p
_ccm.
942 _hV73:2:(Z), L9
_cTEXL
_2CC
999 _c1144078
_d1144078